Troisième voyage de Cook ou voyage a lOcéan Pacifique (Record no. 153260)
[ view plain ]
| 000 -LEADER | |
|---|---|
| campo de control de longitud fija | 01063nam a2200229 i 4500 |
| 001 - NÚMERO DE CONTROL | |
| campo de control | 153260 |
| 003 - IDENTIFICADOR DE NÚMERO DE CONTROL | |
| campo de control | ES-MaACL |
| 005 - FECHA Y HORA DE LA ÚLTIMA TRANSACCIÓN | |
| campo de control | 20250829063127.0 |
| 008 - DATOS DE LONGITUD FIJA--INFORMACIÓN GENERAL | |
| campo de control de longitud fija | 980727s1785 fr |||| |dfre d |
| 100 1# - ENTRADA PRINCIPAL--NOMBRE DE PERSONA | |
| Nombre de persona | Cook, James, |
| Fechas asociadas al nombre | 1728-1779 |
| 9 (RLIN) | 126569 |
| 245 10 - MENCIÓN DEL TÍTULO | |
| Título | Troisième voyage de Cook ou voyage a lOcéan Pacifique |
| Resto del título | : ordonné par le roi d´Anglaterre pour faire des découvertes dans l´hémisphere nord... / |
| Mención de responsabilidad, etc. | exécuté sous la direction des capitaines Cook, Clerke et Gore... ; traduit de l´anglois par M.D.*** ; Tome Troisieme. |
| 260 ## - PUBLICACIÓN, DISTRIBUCIÓN, ETC. | |
| Lugar de publicación, distribución, etc. | A Paris : |
| Nombre del editor, distribuidor, etc. | Hôtel de Thou, rue des Poitevins, |
| Fecha de publicación, distribución, etc. | 1785. |
| 300 ## - DESCRIPCIÓN FÍSICA | |
| Extensión | 1 v. ([4], 592 p.) ; |
| Dimensiones | 21 cm. |
| 530 ## - NOTA DISPONIBLE DE FORMULARIO FÍSICO ADICIONAL | |
| Nota de formato físico adicional disponible | Disponible en formato digital. |
| 597 ## - NOTA DE DESCRIPCIÓN FÍSICA | |
| NOTA DE DESCRIPCIÓN FÍSICA | Sign.: []2, A-Z8, 2A-2O8. |
| 597 ## - NOTA DE DESCRIPCIÓN FÍSICA | |
| NOTA DE DESCRIPCIÓN FÍSICA | Antep. |
| 597 ## - NOTA DE DESCRIPCIÓN FÍSICA | |
| NOTA DE DESCRIPCIÓN FÍSICA | Texto con apostillas marg. |
| 650 #4 - PUNTO DE ACCESO ADICIONAL DE MATERIA--TÉRMINO DE MATERIA | |
| Término de materia o nombre geográfico como elemento de entrada | Viajes alrededor del mundo- |
| Subdivisión cronológica | S.XVIII. |
| 9 (RLIN) | 159809 |
| 852 ## - LOCALIZACIÓN | |
| Ubicación | ES-MaACL |
| Número de control de estantería | R-2106 |
| Nota libre | - Enc. pasta española con filetes dorados |
| Encuadernación | - Olim: G-272 |
| 856 ## - LOCALIZACIÓN Y ACCESO ELECTRÓNICOS | |
| Identificador Uniforme de Recursos | <a href="https://archive.org/details/cihm_17692 ">https://archive.org/details/cihm_17692 </a> |
| Nota pública | Internet Archive |
| Estatus retirado | Estado de pérdida | Estado de daño | No para préstamo | Colección | Biblioteca de origen | Biblioteca actual | Ubicación en estantería | Fecha de adquisición | Fuente de adquisición | Total de préstamos | Signatura topográfica completa | Código de barras | Visto por última vez | Precio de reemplazo | Tipo de ítem Koha |
|---|---|---|---|---|---|---|---|---|---|---|---|---|---|---|---|
| Colección digital | Biblioteca del Ateneo de Madrid | Biblioteca del Ateneo de Madrid | Depósito | 17/01/2008 | R-2106 | 1160153 | 23/02/2023 | 23/02/2023 | Libro impreso antiguo |
